1268 1825 1444 1904 1306 1152 1099 1839 1486 1680 1759 1541 1728 1455 1718 1241 1330 1310 1147 1068 1048 1224 1495 1560 1688 1433 1997 1580 1085 1473 1255 1790 1779 1361 1314 1380 1650 1509 1669 1125 1309 1803 1531 1029 1418 1419 1217 1260 1308 1923 1049 1985 1908 1844 1564 1932 1526 1178 1118 1673 1711 1210 1300 1924 1090 1231 1148 1840 1710 1632 1652 1146 1299 1235 1532 1954 1000 1170 1634 1911 1940 1866 1357 1144 1388 1340 1340 1217 1811 1056 1361 1586 1174 1663 1850 1533 1715 1879 1103 BCNSPRNW ULIB Ver.6.0+V

เปลี่ยนเป็นภาษาไทย

Change to English
 แสดงรายละเอียดบรรณานุกรม
  กลับหน้าหลัก

Brief Record : Get Marc (ISO 2709) : E-mail record : QR code < ปิดหน้าต่าง
LEADER : 00000nam 2200000uu 4500
001    13399112597
003     ULIB
008    110826s2550||||th 000 0 tha d
020    9741333994
020    9789741333998
050  4 HA62^bก398ส 2550
100 0  กัลยา วานิชย์บัญชา
245 10 สถิติสำหรับงานวิจัย /^cกัลยา วานิชย์บัญชา
250    พิมพ์ครั้งที่ 3
260    กรุงเทพฯ :^bภาควิชาสถิติ คณะพาณิชยศาสตร์และการบัญชี จุฬาลงกรณ์มหาวิทยาลัย,^c2550
300    320 หน้า :^bภาพประกอบ ;^c27 ซม.
500    ชื่อเรื่องรองที่ปกนอก: หลักการเลือกใช้เทคนิคทางสถิติในงานวิจัย พร้อมทั้งอธิบายผลลัพธ์ที่ได้จาก SPSS
650  4 วิจัย
650  4 วิจัย^xระเบียบวิธีทางสถิติ
650  4 วิจัย^xสถิติ
650  4 สถิติ
650  4 สถิติวิเคราะห์
650  4 สถิติศาสตร์
650  4 สังคมศาสตร์^xระเบียบวิธีทางสถิติ
650  4 เอสพีเอสเอส (โปรแกรมคอมพิวเตอร์)
710 2  จุฬาลงกรณ์มหาวิทยาลัย. ^bคณะพาณิชยศาสตร์และการบัญชี.^bภาควิชาสถิติ
945    ^p250^l0^i026969
945    ^p250^l0^i026970
995    ทศพร
999 ^a ทศพร
รายการนี้ยังไม่มีแท็ก
คุณยังไม่ได้ล็อกอิน คุณสามารถมีกิจกรรมร่วมกับเว็บไซต์ได้ แต่ต้องล็อกอินก่อน ::
  ล็อกอิน

รายการสื่อสารสนเทศ

ลำดับที่ ประเภท เลขเรียก/บาร์โค้ด สถานที่ สถานะ
- ไม่พบข้อมูล -

รายการใกล้เคียง
    ผู้แต่ง [กัลยา วานิชย์บัญชา]

    หัวเรื่อง [วิจัย]
    หัวเรื่อง [สถิติ]
    หัวเรื่อง [สถิติวิเคราะห์]
    หัวเรื่อง [สถิติศาสตร์]
    หัวเรื่อง [เอสพีเอสเอส (โปรแกรมคอมพิวเตอร์)]

BibComment


ยังไม่เคยถูกคอมเมนท์

คอมเมนท์ทรัพยากรรายการนี้
  คอมเมนท์: สถิติสำหรับงานวิจ..


 Copyright 2026. Bcnsprnw @Library